L'Arxiu Nacional de Catalunya : normativa d'accés a la documentació normativa d'accés a la documentació
Descripción Física:
12 p. : il., col. ; 30 cm
Colección:
Arxiu Nacional de Catalunya ; 2
Materias:
Arxiu Nacional de Catalunya -- Normes
MARC
| LEADER | 00000nam a2200000Ia 4500 | ||
|---|---|---|---|
| 001 | 10810 | ||
| 008 | 160829s1994 xx 000 0 cat d | ||
| 080 | |a FU-27-30 | ||
| 110 | 2 | |a Arxiu Nacional de Catalunya |9 55117 | |
| 245 | |a L'Arxiu Nacional de Catalunya : |b normativa d'accés a la documentació | ||
| 260 | |a Barcelona : |b Generalitat de Catalunya. Departament de Cultura, |c 1994 | ||
| 300 | |a 12 p. : |b il., col. ; |c 30 cm | ||
| 490 | |a Arxiu Nacional de Catalunya ; 2 | ||
| 650 | |a Arxiu Nacional de Catalunya |x Normes |9 24064 | ||
| 710 | 2 | |a Catalunya. |b Departament de Cultura |9 52819 | |
| 901 | |a Arxiu | ||
| 942 | |n 1 | ||
| 952 | |0 0 |1 0 |4 0 |6 FU2730 |7 1 |9 42958 |a Arxiu |b Arxiu |d 2016-12-01 |l 0 |o FU-27-30 |p 10810 |r 2016-12-01 00:00:00 |w 2016-12-01 |y ARXIU | ||
| 999 | |c 45501 |d 45501 | ||